| 000 | 00618 a2200193 4500 | ||
|---|---|---|---|
| 999 |
_c149 _d149 |
||
| 020 | _a9781853394874 | ||
| 050 | _aHD 9502 MUL 2005 | ||
| 100 |
_aMulugetta, Yacob. _eauthor |
||
| 245 |
_aEnergy for rural livelihoods : _ba framework for sustainable decision making/ |
||
| 264 |
_aBourton-on-Dunsmore: _bITDG _c2012 |
||
| 300 |
_axiv,:154 pg. _bill. |
||
| 500 | _aincludes index and bibliographic references | ||
| 650 |
_a Energy policy -- Developing countries _x |
||
| 651 | _aSustainable development | ||
| 700 | _aAlison,Doig | ||
| 700 | _aDunnett, Simon | ||
| 700 | _aTim, Jackson | ||
| 942 |
_2lcc _cBK _h9505 _iMUL _kHD |
||